LIBRARY & INFORMATION CENTRE, KCAET, TAVANUR

ONLINE PUBLIC ACCESS CATALOGUE (OPAC)

Crop breeding in India / (Record no. 7357)

MARC details
000 -LEADER
fixed length control field 00649cam a2200253ua 4500
020 ## - INTERNATIONAL STANDARD BOOK NUMBER
ISBN 81-85860-06-8
041 ## - LANGUAGE CODE
Language code of text/sound track or separate title eng
082 ## - DEWEY DECIMAL CLASSIFICATION NUMBER
Classification number 633.0853
Item number SIN/CR
100 ## - MAIN ENTRY--AUTHOR NAME
Personal name Singh, H G .
245 00 - TITLE STATEMENT
Title Crop breeding in India /
250 ## - EDITION STATEMENT
Edition statement 1 /
260 ## - PUBLICATION, DISTRIBUTION, ETC. (IMPRINT)
Place of publication Lucknow :
Name of publisher International book distributing company ,
Year of publication 1994.
300 ## - PHYSICAL DESCRIPTION
Number of Pages 526 ; .
700 1# - ADDED ENTRY--PERSONAL NAME
Personal name Harihar , Ram .
700 1# - ADDED ENTRY--PERSONAL NAME
Personal name Mishra, S N J .
700 1# - ADDED ENTRY--PERSONAL NAME
Personal name Singh, D P .
700 1# - ADDED ENTRY--PERSONAL NAME
Personal name Singh, T B .
942 ## - ADDED ENTRY ELEMENTS (KOHA)
Koha item type Books
Holdings
Withdrawn status Lost status Damaged status Home library Current library Date acquired Full call number Accession Number Koha item type
      KAUAET KAUAET 07/04/2012 633.0853 19631 Books
      KAUAET KAUAET 07/04/2012 633.0853 19632 Books
      KAUAET KAUAET 07/04/2012 633.0853 18447  
free website counter